000 00766nam a2200181 4500
001 122781
003 ES-MaACL
005 20230906192036.0
007 t|
008 070214s1972 sp r ||||1| spa d
100 1 _aPujadas, José María.
_994314
245 1 0 _aEncuentros
_b: guía para la ordenación de encuentros de promoción juvenil y grupos juveniles cristianos /
_cJosé María Pujadas ; presentación Narciso Jubany arzobispo de Barcelona ; carta prólogo de Carlos H. Rodríguez Quirós arzobispo de San José de Costa Rica.
260 _aMadrid :
_bStudium,
_c1972.
300 _a2 v. ;
_c18 cm.
700 1 _aJubany i Arnau, Narcís (
_d1913-1996)
_9140069
700 1 _aRodríguez Quirós, Carlos H.
_998747
852 _aES-MaACL
_jC-44841-2
_bR.82623
999 _c122781
_d122781